000 00561nam a22001817a 4500
005 20251108164223.0
008 250721s1967 xx 000 0 ara d
082 1 4 _a840.9/تيغ
100 1 _aفليب فان، تيغيم
245 1 0 _aالمذاهب الأدبية الكبرى في فرنسا /
264 1 _aبيروت :
_bمنشورات عويدات،
_c1967.
300 _a327 ص
650 1 7 _aالأدب الفرنسي
650 1 7 _aالنقد الأدبي
700 1 _aأنطونيوس، فريد
_eترجمة
942 _2ddc
_cBK
999 _c6683
_d6683